000 00763nam a2200253 a 4500
008
020 _a8177225189 (pbk.).
049 _aMAIN
090 _aHF1416
_bJEA
100 1 _aJeannet, Jean-Pierre.
245 1 0 _aGlobal marketing strategies /
_cJean-Pierre Jeannet, H. David Hennessey.
250 _a6th ed.
260 _aNew Dehli :
_bBiztantra,
_cc2005.
300 _axxiii, 899 p. :
_bill. ;
_c24 cm.
500 _aIncludes index.
650 0 _aExport marketing
_xManagement.
650 0 _aExport marketing
_xManagement
_vCase studies.
700 1 _aHennessey, Hubert D.
907 _a.b10209311
_b19-05-08
_c07-08-06
003
005 20230123134233.0
040 _cNUST
942 _cBOOKS
_kHF1416
_mJEA
999 _c162408
_d162408